[Event "Quebec op"]
[Site "Montreal"]
[Date "2012.07.27"]
[Round "8"]
[White "Galbadrakh, Enkh Amar"]
[Black "Malveau, Cedric"]
[Result "1-0"]
[WhiteElo "2105"]
[BlackElo "1951"]
[PlyCount "115"]
[EventDate "2012.07.21"]
[EventType "swiss"]
[EventRounds "9"]
[EventCountry "CAN"]
[SourceTitle "EXT 2022"]
[Source "ChessBase"]
[SourceDate "2021.10.06"]
[SourceVersion "1"]
[SourceVersionDate "2021.10.06"]
[SourceQuality "1"]

1. Nf3 d5 2. g3 Nf6 3. Bg2 e6 4. c4 Be7 5. 0-0 0-0 6. b3 c5 7. cxd5 Nxd5 8. Bb2 Nc6 9. Nc3 Bf6 10. Rc1 b6 11. Qc2 Bb7 12. Rfd1 Rc8 13. Qb1 Nxc3 14. Bxc3 Bxc3 15. dxc3 Qe7 16. h4 g6 17. Qd3 Rfd8 18. Qe3 Rxd1+ 19. Rxd1 Rd8 20. Rxd8+ Qxd8 21. h5 Qf6 22. h6 e5 23. Nd2 Qe7 24. Nc4 f6 25. Bd5+ Kf8 26. Qf3 Na5 27. Bxb7 Nxb7 28. Nxe5 Qxe5 29. Qxb7 Qe7 30. Qxe7+ Kxe7 31. e4 g5 32. f4 gxf4 33. gxf4 f5 34. e5 Kf7 35. Kf2 Kg6 36. Kg3 Kxh6 37. Kh4 b5 38. c4 b4 39. e6 Kg6 40. e7 Kf7 41. Kh5 Kxe7 42. Kh6 Kf6 43. Kxh7 Kf7 44. Kh6 Kf6 45. Kh5 a5 46. Kh6 a4 47. bxa4 Ke6 48. Kg6 Kd6 49. Kxf5 Kc6 50. Ke5 Kb6 51. f5 Ka5 52. f6 Kxa4 53. f7 Ka3 54. f8Q Kxa2 55. Qxc5 b3 56. Qa5+ Kb1 57. c5 b2 58. c6 1-0

[Event "Quebec op"]
[Site "Montreal"]
[Date "2012.07.21"]
[Round "1"]
[White "Malveau, Cedric"]
[Black "Gulko, Andrei"]
[Result "0-1"]
[WhiteElo "1951"]
[BlackElo "2157"]
[PlyCount "82"]
[EventDate "2012.07.21"]
[EventType "swiss"]
[EventRounds "9"]
[EventCountry "CAN"]
[SourceTitle "EXT 2022"]
[Source "ChessBase"]
[SourceDate "2021.10.06"]
[SourceVersion "1"]
[SourceVersionDate "2021.10.06"]
[SourceQuality "1"]

1. e4 e5 2. Nf3 Nf6 3. d4 Nxe4 4. Bd3 d5 5. Nxe5 Bd6 6. c4 Bb4+ 7. Nd2 0-0 8. 0-0 Nxd2 9. Bxd2 Bxd2 10. Qxd2 dxc4 11. Bxc4 Nd7 12. Rfe1 Nb6 13. Bb3 c6 14. Re2 Nd5 15. Rae1 Be6 16. Nd3 Nc7 17. Nc5 Bxb3 18. Nxb3 Qd6 19. Qg5 Ne6 20. Qe5 Rad8 21. Rd2 Qb4 22. d5 Rxd5 23. Rxd5 cxd5 24. Rd1 Rd8 25. g3 Qe4 26. Qxe4 dxe4 27. Re1 f5 28. f3 Ng5 29. Kf2 Nxf3 30. Rc1 Rd7 31. Rc5 g6 32. h3 b6 33. Rc2 Kf7 34. g4 f4 35. Rc4 Re7 36. Nc1 g5 37. Ne2 Nd2 38. Rc6 e3+ 39. Ke1 Nf3+ 40. Kf1 Nd2+ 41. Ke1 Rd7 0-1

[Event "Montreal Mercredi 05"]
[Site "Montreal"]
[Date "2012.06.13"]
[Round "5"]
[White "Pomerantz, Daniel"]
[Black "Malveau, Cedric"]
[Result "1/2-1/2"]
[WhiteElo "1911"]
[BlackElo "1974"]
[PlyCount "97"]
[EventDate "2012.05.16"]
[EventType "swiss"]
[EventRounds "5"]
[EventCountry "CAN"]
[SourceTitle "EXT 2022"]
[Source "ChessBase"]
[SourceDate "2021.10.06"]
[SourceVersion "1"]
[SourceVersionDate "2021.10.06"]
[SourceQuality "1"]

1. e4 c5 2. Nf3 d6 3. d4 cxd4 4. Nxd4 Nf6 5. Nc3 a6 6. Bg5 e6 7. f4 Nbd7 8. Qf3 Qc7 9. 0-0-0 b5 10. e5 Bb7 11. Qh3 dxe5 12. Nxe6 fxe6 13. Qxe6+ Be7 14. Bxb5 axb5 15. Nxb5 Qc6 16. Nd6+ Kd8 17. Nf7+ Kc7 18. Qxe7 Rhe8 19. Qd6+ Qxd6 20. Nxd6 Re6 21. Nxb7 Kxb7 22. a3 exf4 23. Bxf4 Re2 24. Rd2 Rae8 25. b4 Nb6 26. g3 Nc4 27. Rxe2 Rxe2 28. a4 Ne4 29. Rd1 Kc6 30. c3 Nxc3 31. Rd4 Re4 32. Rxe4 Nxe4 33. Kc2 g5 34. Kd3 Kd5 35. Bc1 g4 36. a5 Ne5+ 37. Ke3 Nc6 38. a6 Nc3 39. Kf4 Nb5 40. Kxg4 Nxb4 41. Kh5 Nxa6 42. Kh6 Ke4 43. g4 Nac7 44. h4 Ne8 45. g5 Kf5 46. Kxh7 Kg4 47. Kg6 Kxh4 48. Kf7 Nbd6+ 49. Ke6 1/2-1/2

[Event "Montreal Mercredi 05"]
[Site "Montreal"]
[Date "2012.06.06"]
[Round "4"]
[White "Malveau, Cedric"]
[Black "Boudreau, Daniel"]
[Result "1/2-1/2"]
[WhiteElo "1974"]
[BlackElo "1959"]
[PlyCount "126"]
[EventDate "2012.05.16"]
[EventType "swiss"]
[EventRounds "5"]
[EventCountry "CAN"]
[SourceTitle "EXT 2022"]
[Source "ChessBase"]
[SourceDate "2021.10.06"]
[SourceVersion "1"]
[SourceVersionDate "2021.10.06"]
[SourceQuality "1"]

1. e4 c5 2. Nc3 a6 3. g3 b5 4. Bg2 Bb7 5. d3 Nf6 6. f4 e6 7. Nf3 d5 8. exd5 exd5 9. 0-0 Be7 10. Ne5 h5 11. h3 Nbd7 12. Qe2 Ra7 13. Nb1 0-0 14. Nd2 Re8 15. Ndf3 Bd6 16. Bd2 Qc7 17. Rae1 d4 18. Qf2 Bxf3 19. Nxf3 Raa8 20. Ng5 Rad8 21. Rxe8+ Rxe8 22. Re1 Qd8 23. Kf1 Qb8 24. Rxe8+ Qxe8 25. Qf3 g6 26. Qc6 Qb8 27. Qxa6 h4 28. Qb7 hxg3 29. Qxb8+ Nxb8 30. Ke2 Kg7 31. Ne4 Nxe4 32. Bxe4 f5 33. Bd5 Nd7 34. Bc6 Nf6 35. Bxb5 Nh5 36. Kf3 Nxf4 37. Bxf4 Bxf4 38. Bc6 Bc7 39. a4 g5 40. Bd5 Kf6 41. Bc6 Kg6 42. Be8+ Kf6 43. Bc6 Kg6 44. Be8+ Kh6 45. a5 Bxa5 46. Kxg3 Bd2 47. Kf3 Bc1 48. b3 Kg7 49. Bc6 Kf6 50. Bd7 Ke5 51. Bc8 Kf6 52. Bd7 Bd2 53. Bc8 Ke5 54. Bd7 Ba5 55. Bc8 Bd8 56. Bd7 Be7 57. Bc8 f4 58. Bd7 Kd6 59. Bg4 Kc6 60. Ke2 Kb5 61. Kd1 Kb4 62. Bf3 Kc3 63. Bg4 Bf6 1/2-1/2

[Event "Montreal Pere Noel op"]
[Site "Montreal"]
[Date "2010.12.29"]
[Round "4"]
[White "Kraiouchkine, Nikita"]
[Black "Malveau, Cedric"]
[Result "1/2-1/2"]
[WhiteElo "2253"]
[BlackElo "1970"]
[PlyCount "96"]
[EventDate "2010.12.26"]
[EventType "swiss"]
[EventRounds "5"]
[EventCountry "CAN"]
[SourceTitle "EXT 2013"]
[Source "ChessBase"]
[SourceDate "2012.11.22"]
[SourceVersion "1"]
[SourceVersionDate "2012.11.22"]
[SourceQuality "1"]

1. e4 c5 2. Nf3 d6 3. d4 cxd4 4. Nxd4 Nf6 5. Nc3 a6 6. Bc4 e6 7. Bb3 b5 8. f4 Bb7 9. f5 e5 10. Nf3 Be7 11. Qe2 0-0 12. 0-0 Nbd7 13. Bg5 Nc5 14. Bxf6 Bxf6 15. Bd5 Bxd5 16. Nxd5 Na4 17. b3 Nb6 18. Ne3 Rc8 19. Rad1 Qc7 20. Rf2 Be7 21. g4 Qc6 22. Qd3 Qc3 23. g5 Qxd3 24. Rxd3 d5 25. Nd2 d4 26. Ng4 Bxg5 27. Nf3 Bf4 28. Nfxe5 Bxe5 29. Nxe5 Rfe8 30. Nf3 Rxe4 31. Nxd4 Nd5 32. Nc6 Nf6 33. Rd8+ Rxd8 34. Nxd8 h5 35. Nc6 Ng4 36. Rd2 Ne3 37. Re2 Rg4+ 38. Kf2 Nxf5 39. Re5 g6 40. Nb8 Nh4 41. Nxa6 Rg2+ 42. Kf1 Rxc2 43. Nb4 Rxh2 44. Rxb5 Nf3 45. Rd5 Nd2+ 46. Kg1 Nf3+ 47. Kf1 Nd2+ 48. Kg1 Nf3+ 1/2-1/2

[Event "Montreal Myriam Roy II"]
[Site "Montreal"]
[Date "2007.08.26"]
[Round "5"]
[White "Libersan, Thierry"]
[Black "Malveau, Cedric"]
[Result "0-1"]
[WhiteElo "2027"]
[BlackElo "2063"]
[PlyCount "74"]
[EventDate "2007.08.23"]
[EventType "tourn"]
[EventRounds "7"]
[EventCountry "CAN"]
[SourceTitle "EXT 2022"]
[Source "ChessBase"]
[SourceDate "2021.10.06"]
[SourceVersion "1"]
[SourceVersionDate "2021.10.06"]
[SourceQuality "1"]

1. Nf3 Nf6 2. c4 e6 3. g3 d5 4. Bg2 Be7 5. 0-0 0-0 6. b3 c5 7. cxd5 Nxd5 8. Bb2 Bf6 9. Bxf6 Qxf6 10. Na3 Nc6 11. Rc1 Qe7 12. Qc2 b6 13. Nc4 Bb7 14. a3 Rac8 15. Qb2 Rfd8 16. Rfd1 h6 17. e4 Nf6 18. e5 Nd5 19. Nd6 Rb8 20. Nxb7 Qxb7 21. d4 cxd4 22. Nxd4 Nxd4 23. Rxd4 Rd7 24. Rcd1 Rbd8 25. b4 b5 26. Qb3 a6 27. R4d3 Qc6 28. h4 Kf8 29. Kh2 Ke7 30. Rd4 Kf8 31. h5 Ke7 32. Qb1 Qc7 33. f4 Ne3 34. Rxd7+ Rxd7 35. Rxd7+ Qxd7 36. Qe4 Ng4+ 37. Kg1 Qa7+ 0-1

[Event "Quebec-ch qual 1"]
[Site "Montreal"]
[Date "2007.05.06"]
[Round "4"]
[White "Malveau, Cedric"]
[Black "Anastasovski, Nikola"]
[Result "0-1"]
[WhiteElo "2013"]
[BlackElo "2015"]
[PlyCount "108"]
[EventDate "2007.05.04"]
[EventType "swiss"]
[EventRounds "5"]
[EventCountry "CAN"]
[SourceTitle "EXT 2022"]
[Source "ChessBase"]
[SourceDate "2021.10.06"]
[SourceVersion "1"]
[SourceVersionDate "2021.10.06"]
[SourceQuality "1"]

1. e4 e5 2. Nf3 Nc6 3. Bc4 Bc5 4. c3 d6 5. d3 Nf6 6. Nbd2 0-0 7. 0-0 Bb6 8. h3 h6 9. Re1 Be6 10. Bb3 Qd7 11. Nf1 Bxb3 12. Qxb3 Qe6 13. Be3 Nh5 14. Bxb6 axb6 15. Ne3 Ne7 16. Qc4 Qxc4 17. Nxc4 Nf4 18. Red1 f5 19. Ne1 Ne6 20. f3 Rf6 21. Ne3 Raf8 22. Rd2 Rg6 23. Kh2 h5 24. a4 f4 25. Nf1 Rh6 26. b4 g5 27. a5 g4 28. axb6 cxb6 29. Ra7 Nd8 30. Rda2 Kf7 31. Nd2 d5 32. Nb3 Rg8 33. Rc2 Rhg6 34. hxg4 hxg4 35. fxg4 Rxg4 36. Nd2 Ke6 37. Ndf3 dxe4 38. dxe4 R4g7 39. Rd2 Nc8 40. Ra8 Nd6 41. Rd5 N8f7 42. Rxg8 Rxg8 43. Nd3 Nxe4 44. Rb5 Ned6 45. Rxb6 Kd5 46. c4+ Nxc4 47. Rxb7 Nfd6 48. Rc7 Ke4 49. Nde1 Ke3 50. Re7 e4 51. Nc2+ Kf2 52. Nh4 Rh8 53. Kh3 Nf5 54. Rxe4 Rxh4# 0-1

[Event "Quebec op U2300"]
[Site "Montreal"]
[Date "2007.??.??"]
[Round "4"]
[White "Malveau, Cedric"]
[Black "Filiatrault, Alexandre"]
[Result "1-0"]
[WhiteElo "1980"]
[BlackElo "1850"]
[PlyCount "119"]
[EventDate "2007.07.20"]
[EventType "swiss"]
[EventRounds "9"]
[EventCountry "CAN"]
[SourceTitle "EXT 2010"]
[Source "ChessBase"]
[SourceDate "2010.11.25"]
[SourceVersion "1"]
[SourceVersionDate "2010.11.25"]
[SourceQuality "1"]

1. d4 Nf6 2. Nf3 g6 3. c4 Bg7 4. Nc3 0-0 5. e4 d6 6. Be2 e5 7. dxe5 dxe5 8. Qxd8 Rxd8 9. Bg5 Re8 10. 0-0-0 c6 11. Nxe5 Nxe4 12. Nxe4 Bxe5 13. Rhe1 Na6 14. Nd6 Bxd6 15. Rxd6 Nc5 16. Be3 Ne4 17. Rdd1 Be6 18. Rd4 f5 19. f3 c5 20. Rdd1 Nf6 21. Bxc5 Rec8 22. Bd4 Bxc4 23. Kb1 Kf7 24. Bxc4+ Rxc4 25. Bxf6 Kxf6 26. Rd7 Rac8 27. Rxb7 Rc2 28. Rg1 h5 29. Rxa7 Rf2 30. Rb7 Rcc2 31. f4 Ke6 32. Rb4 h4 33. g4 Rxh2 34. gxf5+ Kxf5 35. Rg5+ Kf6 36. Rb6+ Kf7 37. Rb7+ Kf6 38. Rb6+ Kf7 39. Rgxg6 Rcf2 40. Rgf6+ Ke7 41. Rfe6+ Kf7 42. Rec6 Rh1+ 43. Rc1 Rxc1+ 44. Kxc1 Rxf4 45. Kd2 h3 46. Rh6 Rf2+ 47. Kc3 h2 48. a4 Ke7 49. a5 Kd7 50. b4 Kc8 51. Rh7 Kb8 52. Kc4 Rf4+ 53. Kb5 Rf5+ 54. Ka4 Rf2 55. a6 Ra2+ 56. Kb5 Rg2 57. Kb6 Rg6+ 58. Ka5 Rg5+ 59. b5 Ka8 60. Rxh2 1-0

[Event "Quebec-ch qual1"]
[Site "Montreal"]
[Date "2006.05.07"]
[Round "5"]
[White "Malveau, Cedric"]
[Black "Roy, Myriam"]
[Result "1/2-1/2"]
[WhiteElo "2060"]
[BlackElo "1668"]
[PlyCount "33"]
[EventDate "2006.05.05"]
[EventType "swiss"]
[EventRounds "5"]
[EventCountry "CAN"]
[SourceTitle "EXT 2007"]
[Source "ChessBase"]
[SourceDate "2006.11.23"]
[SourceVersion "1"]
[SourceVersionDate "2006.11.23"]
[SourceQuality "1"]

1. e4 c5 2. Nc3 Nc6 3. g3 g6 4. Bg2 Bg7 5. d3 d6 6. Be3 Rb8 7. Qd2 e6 8. f4 Nge7 9. Nf3 Nd4 10. 0-0 0-0 11. Nd1 Nec6 12. Ne1 f5 13. c3 Nb5 14. exf5 Rxf5 15. Nc2 e5 16. Nf2 exf4 17. Bxf4 1/2-1/2

[Event "Quebec-ch qual1"]
[Site "Montreal"]
[Date "2006.05.06"]
[Round "2"]
[White "Malveau, Cedric"]
[Black "Giroux, Robert"]
[Result "1-0"]
[WhiteElo "2060"]
[BlackElo "1784"]
[PlyCount "81"]
[EventDate "2006.05.05"]
[EventType "swiss"]
[EventRounds "5"]
[EventCountry "CAN"]
[SourceTitle "EXT 2007"]
[Source "ChessBase"]
[SourceDate "2006.11.23"]
[SourceVersion "1"]
[SourceVersionDate "2006.11.23"]
[SourceQuality "1"]

1. e4 c5 2. Nc3 Nc6 3. g3 d6 4. Bg2 g6 5. d3 Bg7 6. Be3 Rb8 7. Qd2 b5 8. f4 Nd4 9. Nd1 e5 10. c3 Nc6 11. Nf3 Nge7 12. 0-0 0-0 13. fxe5 Nxe5 14. Nxe5 Bxe5 15. Bh6 Bg7 16. Bxg7 Kxg7 17. Ne3 f5 18. exf5 Bxf5 19. Rf2 Be6 20. Rxf8 Kxf8 21. Qf2+ Kg7 22. Qf4 Ng8 23. Rf1 Qe7 24. Bd5 Nf6 25. Bxe6 Qxe6 26. a3 Re8 27. Ng2 Rf8 28. Re1 Qd7 29. Re2 Ng4 30. Qg5 Ne5 31. Nh4 Qh3 32. Re1 Rf7 33. Qd2 Rf3 34. d4 Rxg3+ 35. hxg3 Qxg3+ 36. Kf1 Ng4 37. Nf5+ gxf5 38. Qg5+ Kf8 39. Qxf5+ Kg8 40. Re8+ Kg7 41. Re7+ 1-0

[Event "Montreal Sicotte 2nd"]
[Site "Montreal"]
[Date "2005.12.21"]
[Round "9"]
[White "Malveau, Cedric"]
[Black "Libersan, Thierry"]
[Result "1-0"]
[WhiteElo "2115"]
[BlackElo "1918"]
[PlyCount "81"]
[EventDate "2005.10.27"]
[EventType "tourn"]
[EventRounds "9"]
[EventCountry "CAN"]
[SourceTitle "EXT 2007"]
[Source "ChessBase"]
[SourceDate "2006.11.23"]
[SourceVersion "1"]
[SourceVersionDate "2006.11.23"]
[SourceQuality "1"]

1. d4 Nf6 2. c4 g6 3. Nc3 Bg7 4. e4 d6 5. Nf3 0-0 6. Be2 e5 7. dxe5 dxe5 8. Qxd8 Rxd8 9. Bg5 Re8 10. 0-0-0 c6 11. Nxe5 Nxe4 12. Nxe4 Bxe5 13. Rhe1 Bf5 14. Nd6 Bxd6 15. Rxd6 Na6 16. Bd2 Nc5 17. Be3 Ne4 18. Rdd1 h5 19. h3 h4 20. Bg4 Bxg4 21. hxg4 b5 22. f3 Nf6 23. Bg5 Nh7 24. Bxh4 bxc4 25. Rxe8+ Rxe8 26. Rd8 Rxd8 27. Bxd8 Nf8 28. Kd2 Ne6 29. Bh4 Nf4 30. Kc3 Nxg2 31. Bf2 a6 32. Kxc4 Nf4 33. Bg3 Ne6 34. Kb4 Kf8 35. Ka5 Ke8 36. Kxa6 Kd7 37. Kb6 Nd4 38. a4 Nxf3 39. a5 Nd4 40. a6 Nb5 41. g5 1-0

[Event "Montreal Sicotte 2nd"]
[Site "Montreal"]
[Date "2005.11.23"]
[Round "5"]
[White "Bolduc, Steve"]
[Black "Malveau, Cedric"]
[Result "1-0"]
[WhiteElo "2192"]
[BlackElo "2115"]
[PlyCount "59"]
[EventDate "2005.10.27"]
[EventType "tourn"]
[EventRounds "9"]
[EventCountry "CAN"]
[SourceTitle "EXT 2007"]
[Source "ChessBase"]
[SourceDate "2006.11.23"]
[SourceVersion "1"]
[SourceVersionDate "2006.11.23"]
[SourceQuality "1"]

1. d4 Nf6 2. c4 e6 3. Nc3 Bb4 4. Nf3 b6 5. Bg5 h6 6. Bh4 g5 7. Bg3 Ne4 8. Nd2 Nxc3 9. Qc2 Nxe2 10. Bxe2 Bb7 11. 0-0 Bxd2 12. Qxd2 d6 13. f4 0-0 14. d5 exd5 15. fxg5 hxg5 16. h4 f6 17. hxg5 fxg5 18. Rxf8+ Qxf8 19. Rf1 Qe7 20. Rf5 Nd7 21. Rxg5+ Kf8 22. Qf4+ Nf6 23. Rf5 Qxe2 24. Rxf6+ Ke7 25. Rf7+ Ke8 26. Rf8+ Kd7 27. Qf5+ Kc6 28. Qxd5+ Kd7 29. Qf5+ Kc6 30. Qb5# 1-0

[Event "Montreal op"]
[Site "Montreal"]
[Date "2005.07.24"]
[Round "9"]
[White "Yao, Sammy"]
[Black "Malveau, Cedric"]
[Result "1/2-1/2"]
[WhiteElo "1862"]
[BlackElo "1970"]
[PlyCount "70"]
[EventDate "2005.07.15"]
[EventType "swiss"]
[EventRounds "9"]
[EventCountry "CAN"]
[SourceTitle "EXT 2007"]
[Source "ChessBase"]
[SourceDate "2006.11.23"]
[SourceVersion "1"]
[SourceVersionDate "2006.11.23"]
[SourceQuality "1"]

1. e4 c5 2. Nf3 d6 3. d4 cxd4 4. Nxd4 Nf6 5. Nc3 a6 6. f3 e5 7. Nb3 Be6 8. Be3 Nbd7 9. Qd2 Qc7 10. g4 Nb6 11. 0-0-0 Be7 12. g5 Nh5 13. Kb1 Rc8 14. Bd3 0-0 15. Ne2 Nc4 16. Bxc4 Qxc4 17. Ng3 Nf4 18. h4 d5 19. Bxf4 exf4 20. Nf5 Bb4 21. c3 dxe4 22. Qxf4 exf3 23. Rd4 Qb5 24. Rxb4 Qxf5+ 25. Qxf5 Bxf5+ 26. Kc1 Rfe8 27. Rf4 g6 28. Rf1 Re3 29. Nd4 Be4 30. Kd2 Rd3+ 31. Ke1 Re8 32. Kf2 Rd2+ 33. Ke3 Rd3+ 34. Kf2 Rd2+ 35. Ke3 Rd3+ 1/2-1/2

[Event "Quebec-ch qual2"]
[Site "Montreal"]
[Date "2005.05.15"]
[Round "5"]
[White "Malveau, Cedric"]
[Black "Ramaswamy, Kishor"]
[Result "1/2-1/2"]
[WhiteElo "1980"]
[BlackElo "2015"]
[PlyCount "33"]
[EventDate "2005.05.13"]
[EventType "swiss"]
[EventRounds "5"]
[EventCountry "CAN"]
[SourceTitle "CBM 106 Extra"]
[Source "ChessBase"]
[SourceDate "2005.07.01"]
[SourceVersion "1"]
[SourceVersionDate "2005.07.01"]
[SourceQuality "1"]

1. d4 d5 2. c4 e6 3. Nf3 Nf6 4. Bg5 Nbd7 5. e3 c6 6. cxd5 Qa5+ 7. Nbd2 exd5 8. Bd3 Ne4 9. 0-0 Nxg5 10. Nxg5 Be7 11. f4 Nf6 12. h3 Bd7 13. a3 h6 14. Ngf3 g5 15. Ne5 Rg8 16. Kh1 Qc7 17. b4 1/2-1/2

[Event "Quebec-ch qual2"]
[Site "Montreal"]
[Date "2005.05.14"]
[Round "3"]
[White "Libersan, Thierry"]
[Black "Malveau, Cedric"]
[Result "1/2-1/2"]
[WhiteElo "2078"]
[BlackElo "1980"]
[PlyCount "77"]
[EventDate "2005.05.13"]
[EventType "swiss"]
[EventRounds "5"]
[EventCountry "CAN"]
[SourceTitle "CBM 106 Extra"]
[Source "ChessBase"]
[SourceDate "2005.07.01"]
[SourceVersion "1"]
[SourceVersionDate "2005.07.01"]
[SourceQuality "1"]

1. e4 c5 2. Nf3 d6 3. d4 cxd4 4. Nxd4 Nf6 5. Nc3 a6 6. Bc4 e6 7. Bb3 Be7 8. f3 Nbd7 9. Bxe6 fxe6 10. Nxe6 Qa5 11. Nxg7+ Kf7 12. Nf5 Ne5 13. Nxe7 Kxe7 14. 0-0 Rg8 15. Qe1 Nc4 16. Kh1 Qh5 17. b3 Ne5 18. Nd5+ Nxd5 19. exd5 Kf7 20. Bf4 Bd7 21. Bxe5 dxe5 22. f4 e4 23. c4 Rae8 24. Qe3 Rg6 25. Rf2 Qf5 26. Re1 Qf6 27. a4 Bf5 28. b4 Qd6 29. Qb3 e3 30. Rxe3 Rxe3 31. Qxe3 Qxb4 32. Re2 Bd7 33. c5 Qb1+ 34. Re1 Qf5 35. Qe7+ Kg8 36. Qd8+ Kg7 37. Qe7+ Kg8 38. Qd8+ Kg7 39. Qe7+ 1/2-1/2

[Event "Quebec-ch qual1"]
[Site "Montreal"]
[Date "2005.04.30"]
[Round "2"]
[White "Bekteshi, Muhamet"]
[Black "Malveau, Cedric"]
[Result "1-0"]
[WhiteElo "2108"]
[BlackElo "1926"]
[PlyCount "135"]
[EventDate "2005.04.29"]
[EventType "swiss"]
[EventRounds "5"]
[EventCountry "CAN"]
[SourceTitle "CBM 106 Extra"]
[Source "ChessBase"]
[SourceDate "2005.07.01"]
[SourceVersion "1"]
[SourceVersionDate "2005.07.01"]
[SourceQuality "1"]

1. d4 Nf6 2. c4 e6 3. Nf3 Bb4+ 4. Bd2 Qe7 5. a3 Bxd2+ 6. Nbxd2 d5 7. e3 0-0 8. Bd3 a5 9. 0-0 b6 10. Rc1 Na6 11. cxd5 exd5 12. Bb1 c5 13. Ne5 c4 14. e4 b5 15. Re1 Qd6 16. exd5 Nc7 17. b3 Qxd5 18. Ne4 Ra6 19. bxc4 bxc4 20. Rxc4 Na8 21. Nxf6+ Rxf6 22. Be4 Qd8 23. Bxa8 Ba6 24. Rc5 Qxa8 25. Nd7 Rg6 26. f3 Rd8 27. Ne5 Rgd6 28. Qb3 Qb7 29. Qxb7 Bxb7 30. Rc7 Bd5 31. Ra7 Be6 32. Rxa5 f6 33. Ng4 Bxg4 34. fxg4 Rxd4 35. h3 Rd2 36. Ra7 Rd1 37. Kf2 R8d2+ 38. Re2 Rxe2+ 39. Kxe2 Ra1 40. Kf3 Rf1+ 41. Ke2 Ra1 42. a4 Ra2+ 43. Kf3 Ra3+ 44. Kf4 Ra2 45. Kg3 Ra3+ 46. Kh2 Ra2 47. a5 h6 48. a6 Kh7 49. h4 h5 50. gxh5 Kh6 51. Kh3 Ra3+ 52. Kg4 Ra4+ 53. Kf3 Rxh4 54. g4 Rh3+ 55. Ke4 Ra3 56. Kd5 Ra4 57. Kc6 Rxg4 58. Rb7 Ra4 59. a7 f5 60. Kb5 Ra1 61. Rb6+ Kxh5 62. Ra6 Rxa6 63. Kxa6 g5 64. a8Q g4 65. Kb5 Kh4 66. Kc4 Kg3 67. Kd3 Kf2 68. Qf8 1-0

[Event "Quebec-ch qual1"]
[Site "Montreal"]
[Date "2005.04.30"]
[Round "3"]
[White "Malveau, Cedric"]
[Black "Joanis, Marc Andre"]
[Result "1-0"]
[WhiteElo "1926"]
[BlackElo "1688"]
[PlyCount "97"]
[EventDate "2005.04.29"]
[EventType "swiss"]
[EventRounds "5"]
[EventCountry "CAN"]
[SourceTitle "CBM 106 Extra"]
[Source "ChessBase"]
[SourceDate "2005.07.01"]
[SourceVersion "1"]
[SourceVersionDate "2005.07.01"]
[SourceQuality "1"]

1. e4 Nf6 2. e5 Nd5 3. d4 d6 4. c4 Nb6 5. exd6 exd6 6. Nc3 Be7 7. Bd3 0-0 8. Nge2 Nc6 9. a3 Bf6 10. Be3 Re8 11. 0-0 Bg4 12. Qc2 g6 13. h3 Bxe2 14. Nxe2 d5 15. c5 Nc8 16. b4 N6e7 17. Rae1 Qd7 18. Kh1 b6 19. Ng1 bxc5 20. bxc5 Nc6 21. Nf3 N8e7 22. Rb1 Rab8 23. Rxb8 Rxb8 24. Rb1 Rxb1+ 25. Qxb1 h5 26. Qb7 Qc8 27. Qxc8+ Nxc8 28. Kg1 g5 29. g4 hxg4 30. hxg4 N8e7 31. Bb5 Kg7 32. Kf1 Kg6 33. Ke2 Nd8 34. Kd2 c6 35. Bd3+ Kh6 36. Kc3 Ne6 37. Bc2 Nxc5 38. Bxg5+ Bxg5 39. dxc5 Bc1 40. Kb4 Kg7 41. Nd4 Bd2+ 42. Kb3 Bc1 43. Nf5+ Nxf5 44. Bxf5 Kf6 45. Bd7 Ke5 46. Bxc6 a5 47. Be8 f6 48. Ka4 d4 49. Kxa5 1-0

[Event "Montreal Class-A"]
[Site "Montreal"]
[Date "2004.11.14"]
[Round "5"]
[White "Arsenault, Nicolas"]
[Black "Malveau, Cedric"]
[Result "1/2-1/2"]
[WhiteElo "2116"]
[BlackElo "1932"]
[PlyCount "67"]
[EventDate "2004.11.??"]
[EventType "swiss"]
[EventRounds "5"]
[EventCountry "CAN"]
[SourceTitle "EXT 2006"]
[Source "ChessBase"]
[SourceDate "2005.11.24"]
[SourceVersion "1"]
[SourceVersionDate "2005.11.24"]
[SourceQuality "1"]

1. e4 c5 2. Nf3 d6 3. d4 cxd4 4. Nxd4 Nf6 5. Nc3 a6 6. f3 e5 7. Nb3 Be6 8. Be3 Be7 9. Qd2 Nbd7 10. 0-0-0 b5 11. Qf2 Qc7 12. g4 b4 13. Nd5 Bxd5 14. exd5 a5 15. g5 Nh5 16. Bb5 0-0 17. Ba4 g6 18. h4 Ng7 19. f4 Nf5 20. h5 Rfc8 21. Rh2 Bf8 22. h6 Nxe3 23. Qxe3 exf4 24. Qxf4 Ne5 25. Kb1 Qd8 26. Rg2 Ra7 27. Nd4 Re7 28. Nc6 Nxc6 29. dxc6 Re5 30. Bb3 Qe7 31. Qc4 Rc5 32. Qg4 Rf5 33. Qc4 Rc5 34. Qg4 1/2-1/2